[Event "SVK-chT2D 1819"]
[Site "Slovakia"]
[Date "2018.11.17"]
[Round "3.2"]
[White "Balazs, Attila"]
[Black "Dzurenda, Stefan"]
[Result "1-0"]
[WhiteElo "2052"]
[BlackElo "2109"]
[PlyCount "41"]
[EventDate "2018.10.13"]
[EventType "team-tourn"]
[EventRounds "11"]
[EventCountry "SVK"]
[SourceTitle "CBM 187 Extra"]
[Source "ChessBase"]
[SourceDate "2018.11.04"]
[SourceVersion "1"]
[SourceVersionDate "2018.11.04"]
[SourceQuality "1"]
[WhiteTeam "Moldava nad Bodvou"]
[BlackTeam "Spisska Nova Ves"]
[WhiteTeamCountry "SVK"]
[BlackTeamCountry "SVK"]

1. e4 e5 2. Nf3 Nc6 3. Bc4 d6 4. 0-0 Be7 5. c3 Nf6 6. d3 0-0 7. h3 d5 8. exd5 Nxd5 9. Re1 Bf6 10. Nbd2 Nb6 11. Bb5 Bd7 12. Ne4 Re8 13. Bg5 Bxg5 14. Nfxg5 h6 15. Nf3 a6 16. Ba4 Nxa4 17. Qxa4 Nd4 18. Qd1 Nxf3+ 19. Qxf3 Bc6 20. Rad1 Qe7 21. Qh5 1-0

[Event "Stara Lubovna op"]
[Site "Stara Lubovna"]
[Date "2017.05.06"]
[Round "4"]
[White "Balazs, Attila"]
[Black "Dujava, Daniel"]
[Result "1-0"]
[WhiteElo "2038"]
[BlackElo "1876"]
[PlyCount "71"]
[EventDate "2017.05.05"]
[EventType "swiss"]
[EventRounds "7"]
[EventCountry "SVK"]
[SourceTitle "CBM 178 Extra"]
[Source "ChessBase"]
[SourceDate "2017.06.22"]
[SourceVersion "1"]
[SourceVersionDate "2017.06.22"]
[SourceQuality "1"]

1. e4 c5 2. Nf3 e6 3. d4 cxd4 4. Nxd4 a6 5. Be2 Nf6 6. Bd3 Qb6 7. Nb3 Nc6 8. 0-0 Ne5 9. Nc3 Nxd3 10. cxd3 d6 11. Be3 Qd8 12. Na4 Nd7 13. Nc3 b5 14. a4 b4 15. Ne2 a5 16. Ned4 Bb7 17. Nb5 Ba6 18. N3d4 Nc5 19. Rc1 Rc8 20. f4 Be7 21. Na7 Ra8 22. Nac6 Qd7 23. Nxe7 Kxe7 24. f5 f6 25. fxe6 Nxe6 26. Nf5+ Kf7 27. Qh5+ g6 28. Nh6+ Ke7 29. Qh4 Raf8 30. Ng4 g5 31. Qh6 Nf4 32. Bxf4 Qxg4 33. Bxd6+ Kxd6 34. Rxf6+ Rxf6 35. Qxf6+ Kd7 36. Qd4+ 1-0

[Event "SVK-chT1E 1617"]
[Site "Slovakia"]
[Date "2016.12.10"]
[Round "5.3"]
[White "Haring, Viktor"]
[Black "Balazs, Attila"]
[Result "1/2-1/2"]
[WhiteElo "2237"]
[BlackElo "2025"]
[PlyCount "77"]
[EventDate "2016.10.15"]
[EventType "team-tourn"]
[EventRounds "11"]
[EventCountry "SVK"]
[SourceTitle "EXT 2018"]
[Source "ChessBase"]
[SourceDate "2017.10.13"]
[SourceVersion "1"]
[SourceVersionDate "2017.10.13"]
[SourceQuality "1"]
[WhiteTeam "Banska Bystrica Junior"]
[BlackTeam "Jelsava Magnezit"]
[WhiteTeamCountry "SVK"]
[BlackTeamCountry "SVK"]

1. e4 c5 2. Nf3 Nc6 3. d4 cxd4 4. Nxd4 Nf6 5. Nc3 e6 6. Ndb5 d6 7. Bf4 e5 8. Bg5 a6 9. Bxf6 gxf6 10. Na3 b5 11. Nd5 Bg7 12. c3 0-0 13. Nc2 f5 14. exf5 Bxf5 15. Nce3 Be6 16. Bd3 f5 17. Qh5 e4 18. Bc2 Ne5 19. Nf4 Bd7 20. Bb3+ Kh8 21. 0-0 Rf6 22. Qg5 Bh6 23. Qh4 Bxf4 24. Qxf4 Nd3 25. Qh4 Qf8 26. Nd5 Rh6 27. Qg5 Rg6 28. Qe3 Qg7 29. g3 Ne5 30. Bd1 Nc4 31. Qc1 Rf8 32. Nf4 Rh6 33. Be2 Ne5 34. Rd1 Bc6 35. Qe3 Nf7 36. Rd2 Ne5 37. Rad1 Qe7 38. b3 Rhf6 39. Rd4 1/2-1/2

[Event "SVK-chT1E 1617"]
[Site "Slovakia"]
[Date "2016.11.19"]
[Round "3.6"]
[White "Panko, Eduard"]
[Black "Balazs, Attila"]
[Result "0-1"]
[WhiteElo "1939"]
[BlackElo "2025"]
[PlyCount "78"]
[EventDate "2016.10.15"]
[EventType "team-tourn"]
[EventRounds "11"]
[EventCountry "SVK"]
[SourceTitle "EXT 2018"]
[Source "ChessBase"]
[SourceDate "2017.10.13"]
[SourceVersion "1"]
[SourceVersionDate "2017.10.13"]
[SourceQuality "1"]
[WhiteTeam "Bardejov"]
[BlackTeam "Jelsava Magnezit"]
[WhiteTeamCountry "SVK"]
[BlackTeamCountry "SVK"]

1. e4 c5 2. Nf3 Nc6 3. c3 d5 4. e5 a6 5. d4 Bg4 6. Be2 cxd4 7. Nxd4 Bxe2 8. Qxe2 Qc7 9. Nxc6 bxc6 10. 0-0 e6 11. Nd2 Ne7 12. f4 Nf5 13. Nf3 Bc5+ 14. Kh1 a5 15. g4 Ne7 16. Nd4 Bxd4 17. cxd4 h5 18. f5 hxg4 19. fxe6 fxe6 20. Qxg4 Nf5 21. Qg6+ Qf7 22. Qxf7+ Kxf7 23. b3 Kg8 24. Rf4 Rh3 25. Rb1 Rd3 26. Bb2 a4 27. bxa4 Rxa4 28. a3 Rb3 29. Rff1 Ra8 30. Ba1 Rxb1 31. Rxb1 Rxa3 32. Kg2 Kh7 33. Rc1 Kg6 34. Kf2 Kg5 35. Bc3 Kf4 36. Bd2+ Ke4 37. Rxc6 Ra2 38. Ke1 Nxd4 39. Rc7 Nf3+ 0-1

[Event "SVK-chT1E 1617"]
[Site "Slovakia"]
[Date "2016.10.15"]
[Round "1.6"]
[White "Kerdik, Adam"]
[Black "Balazs, Attila"]
[Result "1/2-1/2"]
[WhiteElo "2091"]
[BlackElo "2025"]
[PlyCount "145"]
[EventDate "2016.10.15"]
[EventType "team-tourn"]
[EventRounds "11"]
[EventCountry "SVK"]
[SourceTitle "CBM 175 Extra"]
[Source "ChessBase"]
[SourceDate "2016.12.12"]
[SourceVersion "1"]
[SourceVersionDate "2016.12.12"]
[SourceQuality "1"]
[WhiteTeam "Liptov Chess School II"]
[BlackTeam "Jelsava Magnezit"]
[WhiteTeamCountry "SVK"]
[BlackTeamCountry "SVK"]

1. d4 Nf6 2. c4 c5 3. d5 b5 4. cxb5 a6 5. b6 Qxb6 6. Nc3 g6 7. Nf3 Bg7 8. e4 d6 9. Nd2 0-0 10. Nc4 Qc7 11. Be2 Nbd7 12. a4 Nb6 13. Na3 Nbd7 14. 0-0 Rb8 15. Kh1 Rb4 16. Nc2 Rb3 17. f3 Ne5 18. Ne3 Rb4 19. f4 Ned7 20. Qc2 Qb8 21. a5 Qa7 22. Nc4 Ne8 23. Bd2 Rb8 24. Rae1 Nc7 25. Bg4 Nb5 26. e5 Nd4 27. Qd3 f5 28. Bd1 Qc7 29. exd6 exd6 30. Ba4 Nf6 31. Nb6 Bb7 32. Be3 Rbd8 33. Ne2 Nxd5 34. Qc4 Qf7 35. Bxd4 Nxb6 36. Qxf7+ Rxf7 37. Bb3 Bd5 38. Bxg7 Kxg7 39. Bxd5 Nxd5 40. Nc3 Nxc3 41. bxc3 Rb7 42. h3 Kf7 43. Rf2 Re8 44. Rd1 Re6 45. Rdd2 Re3 46. Rc2 Re1+ 47. Kh2 Reb1 48. Rfd2 Ke7 49. Re2+ Kd7 50. Red2 R1b3 51. Rd3 c4 52. Rd4 R7b5 53. Rxc4 Rxa5 54. Re2 Rc5 55. Ra4 a5 56. Rea2 Rbxc3 57. Rxa5 Rxa5 58. Rxa5 Rc4 59. Ra7+ Rc7 60. Ra6 d5 61. Kg3 Ke7 62. Kf3 Kf7 63. Rd6 Rc3+ 64. Ke2 Rc2+ 65. Kf3 Rd2 66. Rd7+ Kg8 67. g4 fxg4+ 68. hxg4 Rd1 69. Ke3 h5 70. f5 gxf5 71. gxh5 Rh1 72. Rxd5 Rxh5 73. Kf4 1/2-1/2

[Event "SVK-chT2C 1516"]
[Site "Slovakia"]
[Date "2016.03.12"]
[Round "10.4"]
[White "Kekely, Lubos"]
[Black "Balazs, Attila"]
[Result "1/2-1/2"]
[WhiteElo "2056"]
[BlackElo "2046"]
[PlyCount "129"]
[EventDate "2015.10.17"]
[EventType "team-tourn"]
[EventRounds "11"]
[EventCountry "SVK"]
[SourceTitle "EXT 2017"]
[Source "ChessBase"]
[SourceDate "2016.10.25"]
[SourceVersion "1"]
[SourceVersionDate "2016.10.25"]
[SourceQuality "1"]
[WhiteTeam "Zilina"]
[BlackTeam "Filakovo"]
[WhiteTeamCountry "SVK"]
[BlackTeamCountry "SVK"]

1. e4 c5 2. Nf3 a6 3. d4 cxd4 4. Nxd4 Nf6 5. Nc3 d6 6. Be2 Nc6 7. Be3 e6 8. 0-0 Be7 9. f4 Qc7 10. Kh1 0-0 11. Qe1 Bd7 12. Qg3 Kh8 13. a3 b5 14. Bd3 Rab8 15. Nxc6 Bxc6 16. Bd4 Nh5 17. Qg4 Nf6 18. Qg3 Nh5 19. Qh3 e5 20. fxe5 dxe5 21. Bxe5 Qxe5 22. Rf5 Qe6 23. Rxh5 Qxh3 24. Rxh3 Rfd8 25. Rf1 Kg8 26. e5 g6 27. Be4 Bd7 28. Nd5 Bxh3 29. Nxe7+ Kf8 30. Nc6 Bg4 31. Nxb8 Rxb8 32. Bd5 Rd8 33. Bb3 Rd1 34. Kg1 Ke7 35. Rxd1 Bxd1 36. Kf2 a5 37. Ke1 Bg4 38. Bd5 Be6 39. Bf3 Bf5 40. Bc6 Bd7 41. Bf3 Bf5 42. Kd2 h5 43. Bc6 b4 44. axb4 axb4 45. g3 Ke6 46. Be8 g5 47. c3 bxc3+ 48. Kxc3 Kxe5 49. Bxf7 h4 50. gxh4 gxh4 51. b4 Bd7 52. Kd3 Bc6 53. Ke3 Bb5 54. Bg6 Bc6 55. Bd3 Bd7 56. Kf3 Kd4 57. Bf1 Ke5 58. Ke3 Bc6 59. Be2 Be8 60. Bg4 Ba4 61. Bc8 Be8 62. Kf3 Bh5+ 63. Bg4 Be8 64. Bh3 Bh5+ 65. Bg4 1/2-1/2

[Event "SVK-chT1E 1516"]
[Site "Slovakia"]
[Date "2016.01.23"]
[Round "7.6"]
[White "Matejov, Jaroslav"]
[Black "Balazs, Attila"]
[Result "1/2-1/2"]
[WhiteElo "2104"]
[BlackElo "2046"]
[PlyCount "108"]
[EventDate "2015.10.24"]
[EventType "team-tourn"]
[EventRounds "11"]
[EventCountry "SVK"]
[SourceTitle "CBM 170 Extra"]
[Source "ChessBase"]
[SourceDate "2016.02.25"]
[SourceVersion "1"]
[SourceVersionDate "2016.02.25"]
[SourceQuality "1"]
[WhiteTeam "Zilina Mladost"]
[BlackTeam "Jelsava Magnezit"]
[WhiteTeamCountry "SVK"]
[BlackTeamCountry "SVK"]

1. e4 e5 2. Nc3 Nc6 3. Bc4 Nf6 4. d3 Bb4 5. Nge2 d5 6. exd5 Nxd5 7. 0-0 Be6 8. Ne4 0-0 9. Ng5 Bg4 10. h3 Bh5 11. g4 Bg6 12. c3 Be7 13. Nf3 a6 14. d4 Nb6 15. Bb3 exd4 16. Nfxd4 Nxd4 17. Qxd4 c5 18. Qxd8 Raxd8 19. Nf4 c4 20. Nxg6 hxg6 21. Bc2 Bc5 22. Rd1 Rde8 23. Kf1 f5 24. gxf5 gxf5 25. Bf4 g6 26. b4 Be7 27. Bd6 Nc8 28. Bxe7 Rxe7 29. a4 Kf7 30. Rd4 Rc7 31. Rad1 Re8 32. a5 Na7 33. Rxc4 Rxc4 34. Bb3 Ree4 35. Rd4 Rexd4 36. cxd4 Nc6 37. Bxc4+ Ke7 38. Bd5 Nxb4 39. Bxb7 Kd6 40. Ke2 Kc7 41. Bg2 Nc2 42. Bf1 Kd6 43. Kd3 Nb4+ 44. Ke3 g5 45. Bg2 Nc2+ 46. Kf3 Nxd4+ 47. Ke3 Ke5 48. Bb7 f4+ 49. Kd3 Nb3 50. Ke2 Nxa5 51. Bxa6 Nb3 52. Kf3 Nc5 53. Bc8 Nd3 54. Ba6 Nc5 1/2-1/2

[Event "SVK-chT1E 1516"]
[Site "Slovakia"]
[Date "2015.10.24"]
[Round "1.4"]
[White "Motycakova, Monika"]
[Black "Balazs, Attila"]
[Result "1-0"]
[WhiteElo "2185"]
[BlackElo "2046"]
[PlyCount "119"]
[EventDate "2015.10.24"]
[EventType "team-tourn"]
[EventRounds "11"]
[EventCountry "SVK"]
[SourceTitle "CBM 169 Extra"]
[Source "ChessBase"]
[SourceDate "2015.12.18"]
[SourceVersion "1"]
[SourceVersionDate "2015.12.18"]
[SourceQuality "1"]
[WhiteTeam "Liptov Chess School II"]
[BlackTeam "Jelsava Magnezit"]
[WhiteTeamCountry "SVK"]
[BlackTeamCountry "SVK"]

1. e4 e6 2. d4 d5 3. Nd2 Nf6 4. e5 Nfd7 5. f4 c5 6. c3 Nc6 7. Ndf3 Qb6 8. g3 cxd4 9. cxd4 Bb4+ 10. Kf2 0-0 11. Kg2 f6 12. Bd3 Be7 13. Ne2 Kh8 14. a3 Qd8 15. Bc2 Qe8 16. Qd3 f5 17. g4 Qg6 18. h3 h5 19. Ng5 Bxg5 20. fxg5 Nb6 21. Nf4 Qe8 22. gxh5 Kg8 23. b3 Rf7 24. Bd2 Rc7 25. Bd1 Bd7 26. h4 Rac8 27. a4 a6 28. Be2 Qf8 29. Rac1 Qe7 30. Ng6 Qf7 31. Rc5 Be8 32. Rhc1 Nd7 33. R5c2 Ndb8 34. Nf4 Qe7 35. b4 Nd8 36. Qb3 Nbc6 37. Bc3 Qd7 38. b5 Nb8 39. Ba5 Rxc2 40. Rxc2 axb5 41. axb5 Nf7 42. Rc3 Nd8 43. Qc2 Rxc3 44. Qxc3 Ndc6 45. bxc6 Nxc6 46. Bb4 Qc8 47. Bb5 Bd7 48. Bxc6 Bxc6 49. Qc5 Bd7 50. Qxc8+ Bxc8 51. g6 Bd7 52. Kf2 b6 53. Ke3 Bc8 54. Kd2 Bd7 55. Kc3 Bc8 56. Bd6 Kh8 57. Kb4 Bd7 58. Bc7 b5 59. Bd6 Kg8 60. Ka5 1-0

[Event "SVK-chT1E 1415"]
[Site "Slovakia"]
[Date "2015.02.28"]
[Round "8.5"]
[White "Balazs, Attila"]
[Black "Hrnciar, Roman"]
[Result "1-0"]
[WhiteElo "2029"]
[BlackElo "2039"]
[PlyCount "81"]
[EventDate "2014.10.18"]
[EventType "team-tourn"]
[EventRounds "11"]
[EventCountry "SVK"]
[SourceTitle "EXT 2016"]
[Source "ChessBase"]
[SourceDate "2015.10.08"]
[SourceVersion "1"]
[SourceVersionDate "2015.10.08"]
[SourceQuality "1"]
[WhiteTeam "Kosice Slavia"]
[BlackTeam "Dolny Kubin"]
[WhiteTeamCountry "SVK"]
[BlackTeamCountry "SVK"]

1. e4 Nc6 2. Nc3 d6 3. d4 g6 4. Be3 Bg7 5. Nf3 Nf6 6. h3 0-0 7. Qd2 a6 8. a4 e5 9. d5 Ne7 10. Bh6 c6 11. Bxg7 Kxg7 12. dxc6 Nxc6 13. 0-0-0 Ne8 14. Bc4 Qa5 15. Bb3 b5 16. Nd5 Qxd2+ 17. Rxd2 Na5 18. Ba2 f5 19. Nb6 Rb8 20. Nxc8 Rxc8 21. Ng5 Rf6 22. axb5 axb5 23. f4 Nc4 24. fxe5 Nxe5 25. exf5 Rxf5 26. Ne6+ Kf6 27. Nd4 Rf4 28. Nxb5 Ra8 29. Nc3 Nc4 30. Re2 Nc7 31. Kb1 Ne5 32. Rd1 Ke7 33. Ne4 Raf8 34. Nxd6 Kf6 35. g3 Rf3 36. h4 Rd8 37. Bb3 Rb8 38. Ne4+ Ke7 39. Ng5 Rf5 40. g4 Rd8 41. Rde1 1-0

[Event "Puspokladany Arnoth Memorial 07th"]
[Site "Puspokladany"]
[Date "2014.07.19"]
[Round "6"]
[White "Balazs, Attila"]
[Black "Juhasz, Bela"]
[Result "1/2-1/2"]
[WhiteElo "1993"]
[BlackElo "2102"]
[PlyCount "100"]
[EventDate "2014.07.16"]
[EventType "swiss"]
[EventRounds "9"]
[EventCountry "HUN"]
[SourceTitle "EXT 2016"]
[Source "ChessBase"]
[SourceDate "2015.10.08"]
[SourceVersion "1"]
[SourceVersionDate "2015.10.08"]
[SourceQuality "1"]

1. e4 c5 2. Nf3 e6 3. b3 Nc6 4. Bb2 d6 5. Bb5 Bd7 6. 0-0 Nf6 7. Re1 Be7 8. Nc3 0-0 9. d4 cxd4 10. Nxd4 Rc8 11. Bf1 a6 12. Qd2 Qc7 13. Rad1 Rfd8 14. Nf3 Ne5 15. Qe2 b5 16. a3 h6 17. h3 Bc6 18. Nd4 Bb7 19. g3 Nc6 20. Bg2 Qb6 21. Nxc6 Bxc6 22. Rd2 Qb7 23. Red1 a5 24. Re1 b4 25. Nd1 d5 26. exd5 Bxd5 27. Bxd5 Rxd5 28. Rxd5 Qxd5 29. Ne3 Qc6 30. a4 Nd5 31. Nc4 Bf6 32. Bxf6 Nxf6 33. Qe3 Nd5 34. Qa7 Qc5 35. Qb7 Rc7 36. Qb8+ Rc8 37. Qe5 Nf6 38. Qf4 Rd8 39. Qf3 Rd5 40. Ne3 Rd2 41. Rd1 Rxd1+ 42. Qxd1 Nd5 43. Nc4 f6 44. Qe2 Kf7 45. Qh5+ Kf8 46. Qd1 Ke7 47. Qd3 Kf7 48. h4 h5 49. Qh7 Ne7 50. Qd3 Nd5 1/2-1/2

[Event "SVK-chT2D 1314"]
[Site "Slovakia"]
[Date "2013.11.23"]
[Round "3.4"]
[White "Balazs, Attila"]
[Black "Hennel, Karol"]
[Result "0-1"]
[WhiteElo "1952"]
[BlackElo "2057"]
[PlyCount "114"]
[EventDate "2013.10.19"]
[EventType "team-tourn"]
[EventRounds "11"]
[EventCountry "SVK"]
[SourceTitle "EXT 2015"]
[Source "ChessBase"]
[SourceDate "2014.11.20"]
[SourceVersion "1"]
[SourceVersionDate "2014.11.20"]
[SourceQuality "1"]
[WhiteTeam "Kosice Slavia TU IV"]
[BlackTeam "Kezmarok II"]
[WhiteTeamCountry "SVK"]
[BlackTeamCountry "SVK"]

1. e4 e5 2. Nf3 Nc6 3. Bb5 a6 4. Ba4 Nf6 5. 0-0 b5 6. Bb3 Bb7 7. Ng5 d5 8. exd5 Nd4 9. Re1 Bd6 10. Nc3 0-0 11. d3 Nxb3 12. axb3 h6 13. Nge4 Nxd5 14. Qh5 f5 15. Nxd5 Bxd5 16. Ng3 Qf6 17. Bd2 b4 18. Ra5 c5 19. Bxb4 Bf7 20. Qxf5 cxb4 21. Qxf6 gxf6 22. Nf5 Rfd8 23. Nxh6+ Kg7 24. Nxf7 Kxf7 25. Kf1 Rdc8 26. Re2 Rc6 27. Ke1 Bc7 28. Ra4 a5 29. Kd2 Kg6 30. Re4 Rh8 31. Rg4+ Kf7 32. h3 f5 33. Rc4 Rxc4 34. bxc4 f4 35. Ke2 Ke6 36. Kf3 Kf5 37. Ra1 Ra8 38. b3 Bb6 39. h4 Rh8 40. g4+ Kg6 41. c5 Bc7 42. Rh1 Bd8 43. h5+ Kg5 44. Ke4 Bf6 45. Kf3 Rc8 46. h6 Rxc5 47. Rh5+ Kg6 48. h7 Bh8 49. d4 Rc3+ 50. Ke4 exd4 51. Rxa5 Rxc2 52. f3 Re2+ 53. Kxf4 d3 54. Ra6+ Kxh7 55. Kf5 Re5+ 56. Kf4 Rd5 57. Ra7+ Bg7 0-1

[Event "Szombathely Savaria op 2nd"]
[Site "Szombathely"]
[Date "2002.07.30"]
[Round "6"]
[White "Radojevic, Zoran"]
[Black "Balazs, Attila"]
[Result "0-1"]
[WhiteElo "2195"]
[BlackElo "2205"]
[PlyCount "84"]
[EventDate "2002.07.26"]
[EventType "swiss"]
[EventRounds "9"]
[EventCountry "HUN"]
[SourceTitle "CBM 089 Extra"]
[Source "ChessBase"]
[SourceDate "2002.09.10"]
[SourceVersion "2"]
[SourceVersionDate "2002.09.10"]
[SourceQuality "1"]

1. e4 c5 2. Nf3 d6 3. d4 cxd4 4. Nxd4 Nf6 5. Nc3 a6 6. g3 e6 7. Bg2 Nbd7 8. 0-0 Qc7 9. a4 Be7 10. Qd2 Rb8 11. b3 b6 12. Bb2 Bb7 13. Rae1 0-0 14. h3 Rbc8 15. Kh2 Qb8 16. Ba3 Qa8 17. f3 Rc7 18. Nd1 Rfc8 19. c4 Nc5 20. Qe3 d5 21. exd5 exd5 22. Nf5 Bf8 23. Qg5 Ne6 24. Qc1 dxc4 25. bxc4 Rxc4 26. Qb2 Rc2 27. Nh6+ gxh6 28. Qxf6 Bxa3 29. Rxe6 R2c6 30. Rxc6 Rxc6 31. Qf5 Rg6 32. Ne3 Bd6 33. f4 Bxg2 34. Nxg2 Qe8 35. Rc1 Qxa4 36. Nh4 Qa2+ 37. Rc2 Qe6 38. Rc8+ Kg7 39. Qc2 Rf6 40. Rc6 Qd5 41. Rxb6 Qc5 42. Qb2 Be5 0-1

[Event "Szombathely Savaria op 2nd"]
[Site "Szombathely"]
[Date "2002.07.29"]
[Round "5"]
[White "Balazs, Attila"]
[Black "Mar, Karmen"]
[Result "1-0"]
[WhiteElo "2205"]
[BlackElo "2210"]
[PlyCount "91"]
[EventDate "2002.07.26"]
[EventType "swiss"]
[EventRounds "9"]
[EventCountry "HUN"]
[SourceTitle "CBM 089 Extra"]
[Source "ChessBase"]
[SourceDate "2002.09.10"]
[SourceVersion "2"]
[SourceVersionDate "2002.09.10"]
[SourceQuality "1"]

1. e4 e5 2. Nf3 Nc6 3. Bb5 Nge7 4. 0-0 g6 5. c3 Bg7 6. d4 exd4 7. cxd4 d5 8. e5 0-0 9. Bg5 h6 10. Bf4 Bg4 11. Be2 Nf5 12. Nbd2 g5 13. Be3 Nxe3 14. fxe3 f6 15. exf6 Bxf6 16. Qc2 Kg7 17. Rae1 Qd7 18. Nb3 Qe6 19. Bd3 Rae8 20. Nc5 Qc8 21. Qb3 Bxf3 22. gxf3 Rxe3 23. Rxe3 Bxd4 24. Qxd5 Bxe3+ 25. Kh1 Bxc5 26. Qxc5 Qe6 27. b3 Qe5 28. Qc4 Rf4 29. Be4 Rh4 30. Qe2 Nd4 31. Qf2 b6 32. Rg1 Rh3 33. Rd1 c5 34. b4 Qf4 35. Rxd4 cxd4 36. Qxd4+ Kg8 37. Qd8+ Qf8 38. Bd5+ Kg7 39. Qd7+ Kg6 40. Be4+ Kf6 41. Qxh3 Qxb4 42. Qxh6+ Kf7 43. Bd5+ Ke8 44. Qc6+ Kd8 45. Qf6+ Ke8 46. Bc6# 1-0

[Event "Szombathely Savaria op 2nd"]
[Site "Szombathely"]
[Date "2002.07.27"]
[Round "3"]
[White "Balazs, Attila"]
[Black "Szilagyi, Zsolt"]
[Result "0-1"]
[WhiteElo "2205"]
[BlackElo "2263"]
[PlyCount "48"]
[EventDate "2002.07.26"]
[EventType "swiss"]
[EventRounds "9"]
[EventCountry "HUN"]
[SourceTitle "CBM 089 Extra"]
[Source "ChessBase"]
[SourceDate "2002.09.10"]
[SourceVersion "2"]
[SourceVersionDate "2002.09.10"]
[SourceQuality "1"]

1. e4 c5 2. Nf3 e6 3. d4 cxd4 4. Nxd4 a6 5. Nc3 b5 6. Bd3 Bb7 7. 0-0 Qc7 8. Kh1 Nf6 9. a3 Be7 10. f4 d6 11. f5 e5 12. Nf3 Nbd7 13. Bg5 Rc8 14. Nd2 Qb8 15. Rf3 Qa8 16. Rg3 h5 17. Qf3 Kf8 18. Rh3 Bd8 19. g4 d5 20. Nxd5 Nxd5 21. Bxd8 Rxd8 22. exd5 Nf6 23. c4 bxc4 24. Bxc4 Rxd5 0-1

[Event "ROM-chT"]
[Site "Eforie Nord"]
[Date "2002.??.??"]
[Round "1"]
[White "Balazs, Attila"]
[Black "Sebe Vodislav, Florian George"]
[Result "0-1"]
[WhiteElo "2205"]
[BlackElo "2254"]
[PlyCount "53"]
[EventDate "2002.??.??"]
[EventType "team"]
[EventRounds "5"]
[EventCountry "ROU"]
[SourceTitle "EXT 2003"]
[Source "ChessBase"]
[SourceDate "2002.11.25"]
[SourceVersion "1"]
[SourceVersionDate "2002.11.25"]
[SourceQuality "1"]

1. e4 c5 2. Nf3 d6 3. d4 cxd4 4. Nxd4 Nf6 5. Nc3 g6 6. Be3 Bg7 7. f3 0-0 8. Bc4 Nc6 9. Qd2 Bd7 10. 0-0-0 Ne5 11. Bb3 Rc8 12. g4 Rc5 13. h4 h5 14. gxh5 Nxh5 15. Rdg1 b5 16. Bh6 b4 17. Nd5 e6 18. Bxg7 Kxg7 19. Nxb4 a5 20. Nd3 Nxd3+ 21. Qxd3 a4 22. Bc4 Nf4 23. Qf1 Qf6 24. Nb5 Rb8 25. Rg5 Rxg5 26. hxg5 Qxg5 27. Rg1 0-1

[Event "HUN-chT2 9899"]
[Site "Hungary"]
[Date "1999.??.??"]
[Round "?"]
[White "Balazs, Attila"]
[Black "Bokros, Istvan"]
[Result "1/2-1/2"]
[WhiteElo "2205"]
[BlackElo "2105"]
[PlyCount "66"]
[EventDate "1998.??.??"]
[EventType "team"]
[EventRounds "12"]
[EventCountry "HUN"]
[SourceTitle "EXT 2000"]
[Source "ChessBase"]
[SourceDate "1999.11.16"]
[SourceVersion "1"]
[SourceVersionDate "1999.11.16"]
[SourceQuality "1"]

1. e4 c5 2. Nf3 d6 3. d4 cxd4 4. Nxd4 Nf6 5. Nc3 g6 6. Be3 Bg7 7. f3 0-0 8. Qd2 Nc6 9. Bc4 Bd7 10. 0-0-0 Qa5 11. Bb3 Rfc8 12. h4 Ne5 13. h5 Nxh5 14. g4 Nf6 15. Kb1 Nc4 16. Bxc4 Rxc4 17. Nb3 Qc7 18. e5 Rxc3 19. bxc3 dxe5 20. g5 Bc6 21. gxf6 Bxf6 22. Rh3 b6 23. Qh2 h5 24. Rg1 Kf8 25. Nd2 Bd5 26. c4 Rc8 27. Rxh5 gxh5 28. Bh6+ Ke8 29. Rg8+ Kd7 30. Rxc8 Qxc8 31. cxd5 Qc3 32. Qh3+ Kd8 33. Ne4 Qb4+ 1/2-1/2

[Event "HUN-chT2 9899"]
[Site "Hungary"]
[Date "1998.??.??"]
[Round "?"]
[White "Frank, Jozsef"]
[Black "Balazs, Attila"]
[Result "1/2-1/2"]
[WhiteElo "2165"]
[BlackElo "2205"]
[PlyCount "90"]
[EventDate "1998.??.??"]
[EventType "team"]
[EventRounds "12"]
[EventCountry "HUN"]
[SourceTitle "EXT 2000"]
[Source "ChessBase"]
[SourceDate "1999.11.16"]
[SourceVersion "1"]
[SourceVersionDate "1999.11.16"]
[SourceQuality "1"]

1. d4 Nf6 2. c4 g6 3. Nc3 d5 4. Bg5 Ne4 5. Nxe4 dxe4 6. e3 c5 7. Ne2 Bg7 8. Qd2 Nc6 9. d5 Ne5 10. Nc3 f5 11. Be2 0-0 12. h4 h6 13. Bf4 a6 14. a3 Qd6 15. Rb1 Bd7 16. 0-0 Qf6 17. g3 g5 18. hxg5 hxg5 19. Bxe5 Qxe5 20. Kg2 f4 21. exf4 gxf4 22. f3 e3 23. Qe1 Bf5 24. Rd1 Kf7 25. gxf4 Qxf4 26. Qg3 Be5 27. Qxf4 Bxf4 28. Rh1 Rg8+ 29. Kf1 Rg3 30. Ne4 Bh3+ 31. Ke1 Rag8 32. Bf1 Bg2 33. Rh7+ Kg6 34. Rh4 Be5 35. Bxg2 Rxg2 36. Rg4+ Rxg4 37. fxg4 Bd4 38. b4 b6 39. Ke2 Rh8 40. bxc5 bxc5 41. d6 Rh2+ 42. Kd3 exd6 43. Nxd6 Ra2 44. Nf5 Rxa3+ 45. Ke4 Rc3 1/2-1/2

[Event "HUN-chT2 9798"]
[Site "Hungary"]
[Date "1997.??.??"]
[Round "?"]
[White "Balazs, Attila"]
[Black "Varga, Csaba"]
[Result "1/2-1/2"]
[WhiteElo "2205"]
[BlackElo "2175"]
[PlyCount "45"]
[EventDate "1997.??.??"]
[EventType "team"]
[EventRounds "11"]
[EventCountry "HUN"]
[SourceTitle "EXT 1999"]
[Source "ChessBase"]
[SourceDate "1998.11.16"]
[SourceVersion "1"]
[SourceVersionDate "1998.11.16"]
[SourceQuality "1"]

1. e4 c5 2. Nf3 d6 3. d4 cxd4 4. Nxd4 Nf6 5. Nc3 a6 6. Bc4 e6 7. Be3 b5 8. Bb3 b4 9. Na4 Nxe4 10. 0-0 d5 11. Re1 Be7 12. c4 bxc3 13. bxc3 Bb7 14. Rb1 Nd7 15. c4 Nef6 16. Bg5 0-0 17. cxd5 Bxd5 18. Bxd5 Nxd5 19. Nc6 Qe8 20. Nxe7+ Nxe7 21. Bf4 Nf6 22. Nb6 Rd8 23. Qe2 1/2-1/2

[Event "Solymar op"]
[Site "Solymar"]
[Date "1996.??.??"]
[Round "?"]
[White "Balazs, Attila"]
[Black "Horvath, Gyula"]
[Result "0-1"]
[WhiteElo "2205"]
[BlackElo "2445"]
[PlyCount "86"]
[EventDate "1996.??.??"]
[EventType "swiss (rapid)"]
[EventRounds "7"]
[EventCountry "HUN"]
[SourceTitle "EXT 1999"]
[Source "ChessBase"]
[SourceDate "1998.11.16"]
[SourceVersion "1"]
[SourceVersionDate "1998.11.16"]
[SourceQuality "1"]

1. e4 c5 2. Nf3 e6 3. d4 cxd4 4. Nxd4 Nc6 5. Be3 Nf6 6. Bd3 Qc7 7. 0-0 a6 8. Nc3 b5 9. Nce2 Bb7 10. Nxc6 Bxc6 11. f3 Bd6 12. h3 0-0 13. Qd2 Bh2+ 14. Kh1 Bd6 15. Bf4 Bxf4 16. Qxf4 d6 17. Rad1 Rfd8 18. Qg3 e5 19. Nc3 b4 20. Nd5 Bxd5 21. exd5 Qc5 22. Be4 Rac8 23. Bf5 Rc7 24. Qh4 Rb8 25. Rd2 a5 26. Rfd1 h6 27. Qe1 Qc4 28. b3 Qf4 29. Be4 Rbc8 30. g3 Qg5 31. Kh2 Nxe4 32. Qxe4 f5 33. Qe2 Rc3 34. Re1 R8c5 35. Qf2 Kh7 36. Ree2 Qg6 37. Qg2 Qf7 38. g4 fxg4 39. hxg4 Qf4+ 40. Kh1 Rxf3 41. Rf2 Rcc3 42. Rxf3 Rxf3 43. Rd1 Rf2 0-1